Cleveland Guardians 2024 Opening Day Lineup - Statistics

General Stats
  • This quiz has been taken 60 times
  • The average score is 7 of 10
Answer Stats
Position Player % Correct
3B Jose Ramirez
100%
1B Josh Naylor
94%
LF Steven Kwan
94%
SP Shane Bieber
79%
DH David Fry
77%
2B Andres Gimenez
72%
C Austin Hedges
66%
SS Brayan Rocchio
64%
CF Tyler Freeman
45%
RF Ramon Laureano
28%
No matching quizzes found
Score Distribution
Percent of People with Each Score
Percentile by Number Answered
Your Score History
You have not taken this quiz